Classement perpétuel de la Ligue 1 - Statistiques

Statistiques générales
  • Ce quiz a été pris 860 fois
    847 depuis la dernière actualisation
  • Le résultat moyen est 17 sur 20
Statistiques - réponses
Top Nb Matchs Nb Points Club % Correct
1 2.610 4.174 Olympique de Marseille
100%
9 1.863 3.188 Paris Saint Germain
100%
5 2.361 3.644 Olympique Lyonnais
99%
2 2.544 3.918 Girondins de Bordeaux
97%
3 2.532 3.853 AS Saint-Etienne
96%
6 2.323 3.319 LOSC Lille
96%
4 2.364 3.824 AS Monaco
94%
10 2.038 3.141 FC Nantes
94%
11 2.368 3.115 Stade Rennais
93%
8 2.336 3.197 OGC Nice
92%
12 2.228 3.067 RC Lens
91%
16 1.470 1.873 Montpellier HSC
85%
13 2.228 2.877 RC Strasbourg
85%
15 1.376 2.077 Stade de Reims
82%
14 2.260 2.830 FC Metz
78%
17 1.228 1.828 AJ Auxerre
74%
7 2.368 3.209 FC Sochaux
70%
19 1.264 1.601 SC Bastia
59%
18 1.310 1.791 Nîmes Olympique
52%
20 1.020 1.502 Racing CF
15%
Aucun quiz correspondant
Distribution des résultats
% des personnes avec chaque résultat
Percentile par nombre de réponses
Votre historique - résultats
Vous n’avez pas pris ce quiz depuis la dernière actualisation